LIBRARY & INFORMATION CENTRE, KCAET, TAVANUR

ONLINE PUBLIC ACCESS CATALOGUE (OPAC)

Bajra: Pennisetum typhoids S&H / (Record no. 3555)

MARC details
000 -LEADER
fixed length control field 00443cam a2200169ua 4500
041 ## - LANGUAGE CODE
Language code of text/sound track or separate title eng
082 ## - DEWEY DECIMAL CLASSIFICATION NUMBER
Classification number 633.171
Item number KRI/BA
100 ## - MAIN ENTRY--AUTHOR NAME
Personal name Krishnaswami, N .
245 ## - TITLE STATEMENT
Title Bajra: Pennisetum typhoids S&H /
260 ## - PUBLICATION, DISTRIBUTION, ETC. (IMPRINT)
Place of publication New Delhi :
Name of publisher Indian Council for Agricultural Research ,
Year of publication 1961.
300 ## - PHYSICAL DESCRIPTION
Number of Pages 94 ; .
942 ## - ADDED ENTRY ELEMENTS (KOHA)
Koha item type Books
Holdings
Withdrawn status Lost status Damaged status Home library Current library Date acquired Cost, normal purchase price Full call number Accession Number Koha item type
Withdrawn     KAUAET KAUAET 07/04/2012 6.00 633.171 7819 Books
free website counter